000 00494nam a2200181Ia 4500
005 20250326141415.0
008 250326s9999 xx 000 0 und d
037 _aTextbook
040 _aFMSL
_beng
_cFMSL
041 _aeng
_2eng
084 _aX8(A).44 L3.1;2
_qFMSL
100 _aN P C
_9738862
245 0 _aInsentives in Indian Industries
_cN P C
260 _aMadras
_bMadras, N P C
_c1971
300 _aV..
942 _cTB
_hX8(A).44 L3.1;2
999 _c1290160
_d1290160